000 00287nam a22001337a 4500
008 181015b xxu||||| |||| 00| 0 eng d
020 _a9780138204242
041 _aeng
080 _23rd
_a316
100 _a50
101 _aSOC
245 _aSociology
_cMacionis,J.J
942 _2udc
_cBK
999 _c49669
_d49669